| Tag |
First Indicator |
Second Indicator |
Subfields |
| LEADER |
00000cam a2200000 4500 |
| 001 |
in00000060134 |
| 005 |
20151008051603.0 |
| 008 |
741009s1966 txu 00000 eng u |
| 035 |
|
|
|a (OCoLC)01036288
|
| 035 |
|
|
|9 AAG8827AM
|
| 040 |
|
|
|c TOL
|d TXA
|d UtOrBLW
|
| 049 |
|
|
|a TXAM
|c [472207]
|
| 090 |
|
|
|a LB1043.5
|b .G75 1966
|
| 092 |
|
|
|a 371.335
|b T355
|
| 100 |
1 |
|
|a Guimarin, Spencer.
|
| 245 |
1 |
0 |
|a Local production techniques /
|c Revised by Richard E. Smith from Phase l: Local production techniques, by Spencer Guimarin. Designed and illustrated by Max Karl Winkler.
|
| 250 |
|
|
|a Rev.
|b by Richard E. Smith from Phase 1: Local production techniques, by Spencer Guimarin. Designed and illustrated by Max Karl Winkler.
|
| 264 |
|
1 |
|a Austin :
|b University of Texas, Instructional Media Center,
|c [1966?]
|
| 300 |
|
|
|a 46 pages :
|b illustrations ;
|c 23 cm.
|
| 336 |
|
|
|a text
|b txt
|2 rdacontent
|
| 337 |
|
|
|a unmediated
|b n
|2 rdamedia
|
| 338 |
|
|
|a volume
|b nc
|2 rdacarrier
|
| 504 |
|
|
|a Bibliography: pages 45-46.
|
| 650 |
|
0 |
|a Visual aids.
|
| 650 |
|
0 |
|a Teaching
|x Aids and devices.
|
| 700 |
1 |
|
|a Smith, Richard E.
|
| 710 |
2 |
|
|a University of Texas.
|b Instructional Media Center.
|
| 999 |
|
|
|a MARS
|
| 999 |
f |
f |
|s 38acdb8b-258d-31d4-814f-d26706fe84eb
|i 677de299-3ef8-3c5c-96f3-f27ee693e65a
|t 0
|
| 952 |
f |
f |
|p normal
|a Texas A&M University
|b College Station
|c Sterling C. Evans Library
|d Evans: Library Stacks
|t 0
|e LB1043.5 .G75 1966
|h Library of Congress classification
|i unmediated -- volume
|m A14800836482
|
| 998 |
f |
f |
|a LB1043.5 .G75 1966
|t 0
|l Evans: Library Stacks
|